Normal view
MARC view
Entry Topical Term
001 - CONTROL NUMBER
- control field: 10022
003 - CONTROL NUMBER IDENTIFIER
- control field: OSt
005 - DATE AND TIME OF LATEST TRANSACTION
- control field: 20160707143918.0
008 - FIXED-LENGTH DATA ELEMENTS
- fixed length control field: 160707|| aca||aabn | a|a d
040 ## - CATALOGING SOURCE
- Original cataloging agency: OSt
- Transcribing agency: OSt
150 ## - HEADING--TOPICAL TERM
- Topical term or geographic name entry element: Physician and patient.
670 ## - SOURCE DATA FOUND
- Source citation: Work cat.: (OSt)4658: Tate, Peter, 10021, The doctor's communication handbook /, 1997.
